000 00603nam a2200181Ia 4500
005 20250326140553.0
008 250326s9999 xx 000 0 und d
037 _aTextbook
040 _aFMSL
_beng
_cFMSL
041 _aeng
_2eng
084 _aX:51.73 N8
_qFMSL
100 _aWebber H
_9742594
245 0 _aDivide and conquer:target your customer through market segmentation; Divide and conquer:target your customer through market segmentation
_cWebber H
260 _aNew York
_bNew York, John Wiley
_c1998
300 _a232p
942 _cTB
_hX:51.73 N8
999 _c1286358
_d1286358